000 00551nam a2200181Ia 4500
008 090124s9999 xx 000 0 und d
082 _b112163
100 _aआपटे ह. ना.
245 _a केवळ स्वराज्यासाठी
250 _a1
260 _c1968
300 _a110+2
600 _aआपटे ह. ना.
630 _a केवळ स्वराज्यासाठी
700 _aआपटे ह. ना.
730 _a केवळ स्वराज्यासाठी
942 _cBOOK
999 _c158254
_d158254